000
00367nam a2200157Ia 4500
008
240830s1901 xx 000 0 und d
041
_a
eng
082
_a
0 TAL
100
_a
TALIB V.H.
245
_a
HANDBOOK OF MEDICAL LABORATORY TECHNOLOGY
260
_b
N.D.
_c
1901
300
_a
100p
650
_a
VIKRUTI-VIGAYAN
906
_a
N.D.
999
_c
1192034
_d
1192034